Financie a mena
Recenzia na publikáciu Financie a mena autorského kolektívu vysokoškolských učiteľov Národohospodárskej fakulty EU v Bratislave. Publikácia odráža významné zmeny, ku ktorým došlo od jej prvého vydania v roku 2003. Rozdelenie publikácie na tematické celky - Všeobecná charakteristika financií a meny,...
Salvato in:
| Autore principale: | |
|---|---|
| Natura: | Capitolo di libro |
| Lingua: | slovacco |
| Soggetti: | |
| Tags: |
Nessun Tag, puoi essere il primo ad aggiungerne!!
|
MARC
| LEADER | 00000naa$a2200000$$$4500 | ||
|---|---|---|---|
| 001 | 0038003 | ||
| 005 | 20231116082057.8 | ||
| 041 | 0 | |a slo | |
| 044 | |a SK | ||
| 245 | 1 | 0 | |a Financie a mena |c Urban Kováč |
| 520 | |a Recenzia na publikáciu Financie a mena autorského kolektívu vysokoškolských učiteľov Národohospodárskej fakulty EU v Bratislave. Publikácia odráža významné zmeny, ku ktorým došlo od jej prvého vydania v roku 2003. Rozdelenie publikácie na tematické celky - Všeobecná charakteristika financií a meny, Financie, Mena, Poisťovníctvo. Ďalšie rozčlenenie jednotlivých tematických celkov. | ||
| 610 | 2 | 0 | |a recenzie |
| 610 | 2 | 0 | |a financie |
| 610 | 2 | 0 | |a mena |
| 610 | 2 | 0 | |a poisťovníctvo |
| 610 | 2 | 0 | |a financie podnikové |
| 610 | 2 | 0 | |a trh finančný |
| 610 | 2 | 0 | |a poistenie dôchodkové |
| 100 | 1 | |a Kováč, Urban | |